000 01082nam a22002537a 4500
003 NALT
005 20251125233002.0
008 s2517 th tha d
040 _aNALT
041 _atha
090 _aKC 42
_bพ362 2517 ล.2
245 0 0 _aพระยามานวราชเสวี ครบ 7 รอบ 18 กันยายน 2517 เล่ม 2.
260 _aกรุงเทพฯ :
_bโรงพิมพ์กรมสรรพสามิต,
_c2517
300 _a2 เล่ม ;
_c29 ซม.
650 0 4 _aราชวิทยาลัย -- ประวัติ
650 0 4 _aมานวราชเสวี, พระยา, 2433--
650 0 4 _aโรงเรียนราชวิทยาลัย -- ประวัติ
650 0 4 _aประกันภัย
650 0 4 _aเครื่องใช้ไฟฟ้าในบ้าน
850 _aNALT
856 4 0 _uhttps://hdl.handle.net/20.500.14156/302941
942 _cLB
_2local
999 _c47697
_d47697
998 _j109
_k อารีรัตน์ วิชาช่าง